000 00388nam a2200157Ia 4500
005 20250423100114.0
008 250422s9999 xx 000 0 und d
020 _a0- 618- 47445- 5
050 _aHF 5415 .P658/
100 _aPride, William M.
245 0 _aMarketing concepts and straegies
260 _bHoughton mifflin company
260 _c2006
300 _a610 p
942 _cBK
999 _c32300
_d32300